50 Most Common Italian Words (English to Italian) - Statistics

General Stats
  • This quiz has been taken 107 times
  • The average score is 28 of 51
Answer Stats
Hint Answer % Correct
I io
97%
is e
89%
one uno
83%
how come
80%
they loro
80%
I am sono
80%
and e
74%
of di
71%
hot caldo
70%
with con
70%
he lui
70%
to be essere
67%
to have avere
65%
out fuori
65%
or o
65%
this questo
65%
at a
62%
from da
62%
to do / make fare
62%
but ma
62%
that quello
62%
to a
61%
the il
61%
we noi
61%
time tempo
61%
for per
58%
an un
58%
as/like come
56%
in in
56%
their loro
56%
a un
56%
other altro
55%
word parola
55%
if se
55%
you (pl) voi
53%
tell dire
52%
on su
50%
what cosa
48%
he/she was era
45%
said detto
42%
his il suo
39%
which (q) quale
39%
each ogni
38%
that che
35%
were erano
30%
which (c) che
27%
some alcuni
26%
had aveva
24%
by di
17%
can (of soda) lattina
17%
will volonta
8%
No matching quizzes found
Score Distribution
Percent of People with Each Score
Percentile by Number Answered
Your Score History
You have not taken this quiz